Manzanas y naranjas = Apples and oranges / (Record no. 133754)
[ view plain ]
| 000 -CABECERA | |
|---|---|
| campo de control de longitud fija | 01512ngm a2200253 u 4500 |
| 005 - FECHA Y HORA DE LA ÚLTIMA TRANSACCIÓN | |
| campo de control | 20250809063836.0 |
| 008 - ELEMENTOS DE LONGITUD FIJA--INFORMACIÓN GENERAL | |
| campo de control de longitud fija | 080930s2006 mx 018 aaspa d |
| 035 ## - NÚMERO DE CONTROL DEL SISTEMA | |
| Número de control de sistema | UPN01000161641 |
| 049 ## - COLECCIÓN | |
| Colección | AV |
| 050 #4 - SIGNATURA TOPOGRÁFICA DE LA BIBLIOTECA DEL CONGRESO | |
| Número de clasificación | DVD LC 90 |
| 245 00 - MENCIÓN DE TÍTULO | |
| Título | Manzanas y naranjas = Apples and oranges / |
| Mención de responsabilidad, etc. | dir. Lynne Fernie. |
| 260 ## - PUBLICACIÓN, DISTRIBUCIÓN, ETC. | |
| Lugar de publicación, distribución, etc. | México : |
| Nombre del editor, distribuidor, etc. | Quality Films, |
| Fecha de publicación, distribución, etc. | c2006. |
| 300 ## - DESCRIPCIÓN FÍSICA | |
| Extensión | 1 DVD (18 min.) |
| 440 #0 - MENCIÓN DE SERIE/ASIENTO SECUNDARIO--TÍTULO | |
| Título | Ideas educativas |
| 500 ## - NOTA GENERAL | |
| Nota general | Características especiales: español e inglés, menús interactivos, avances |
| 520 ## - NOTA DE RESUMEN, ETC. | |
| Sumario, etc. | Programa enfocado a crear conciencia entre los niños y los jóvenes, donde se les explica de manera sencilla y mediante una dinámica en el salón de clases, cómo las malas palabras pueden herir y humillar a las personas de diferentes preferencias sexuales. También podrás entender el significado de las palabras homosexual , gay o lesbiana. Mediante dos cuentos con increíbles animaciones se presentan dos casos en donde podrás ver cómo los jóvenes son discriminados por sus compañeros de la escuela y cómo los mismos amigos se alejan de ellos. Evitar este problema y hacer conciencia en los niños es tarea de los padres, de los maestros, y de una buena educación. |
| 533 ## - NOTA DE REPRODUCCIÓN | |
| Tipo de reproducción | Multiregión |
| 650 #4 - ASIENTO SECUNDARIO DE MATERIA - TERMINO TEMATICO | |
| Término de materia o nombre geográfico como elemento de entrada | HOMOSEXUALIDAD Y EDUCACION |
| 9 (RLIN) | 7913 |
| 650 #0 - ASIENTO SECUNDARIO DE MATERIA - TERMINO TEMATICO | |
| Término de materia o nombre geográfico como elemento de entrada | Discriminación sexual en la educación |
| 9 (RLIN) | 9139 |
| 650 #4 - ASIENTO SECUNDARIO DE MATERIA - TERMINO TEMATICO | |
| Término de materia o nombre geográfico como elemento de entrada | Personas homosexuales |
| Subdivisión general | Condiciones sociales |
| 9 (RLIN) | 189 |
| 650 #4 - ASIENTO SECUNDARIO DE MATERIA - TERMINO TEMATICO | |
| Término de materia o nombre geográfico como elemento de entrada | Educación inclusiva |
| 9 (RLIN) | 7100 |
| 700 1# - ASIENTO SECUNDARIO--NOMBRE DE PERSONAL | |
| Nombre de persona | Fernie, Lynne, |
| Término indicativo de función/relación | dir. |
| 905 ## - TIPO DE MATERIAL | |
| Tipo de material | Audiovisuales |
| Estado de retiro | Estado de pérdida | Fuente del sistema de clasificación o colocación | Estado dañado | No para préstamo | Código de colección | Localización permanente | Ubicación/localización actual | Ubicación en estantería | Total de préstamos | Clasificación | Código de barras | Fecha visto por última vez | Número de copia | Tipo de ítem Koha |
|---|---|---|---|---|---|---|---|---|---|---|---|---|---|---|
| Library of Congress Classification | Audiovisuales | Bib. Gregorio Torres Quintero | Bib. Gregorio Torres Quintero | Audiovisual | DVD LC 90 | 258446 | 31/12/2020 | 1 | Formato Digital |
